| 000 | 00569cam a22002291 4500 | ||
|---|---|---|---|
| 001 | sa 67000030 | ||
| 003 | DLC | ||
| 005 | 20260227112311.0 | ||
| 008 | 890720s1966 ii 000 0 beno | ||
| 010 | _asa 67000030 | ||
| 035 | _a(OCoLC)20042916 | ||
| 040 |
_aDLC _cWaU _dDLC |
||
| 042 | _apremarc | ||
| 043 | _aa-ii--- | ||
| 050 | 0 | 0 |
_aDS485.B49 _bB5 |
| 100 | 1 |
_aBiswas, Kalipada, _d1901- |
|
| 245 | 1 | 0 | _aYukta Bāṅalāra śesha adhyāẏa. |
| 260 | _c[1966] | ||
| 300 |
_a30, 429 p. _c23 cm. |
||
| 500 | _aIn Bengali. | ||
| 651 | 0 |
_aBengal (India) _xHistory. |
|
| 999 |
_c71703 _d71703 |
||